Countries with the least homeless people - Statistics

General Stats
  • This quiz has been taken 47 times
  • The average score is 6 of 15
Answer Stats
Rank Homeless people per 10000 Country % Correct
11 1.9 Singapore
77%
9 1.7 South Korea
72%
1 (t) 0 (claim) Liechtenstein
70%
1 (t) 0 (claim) Vatican City
70%
5 0.2 Japan
67%
12 2.5 Switzerland
53%
14 4.0 Israel
42%
1 (t) 0 (claim) Bhutan
40%
8 0.8 Russia
30%
6 0.3 Thailand
23%
7 0.6 Kazakhstan
16%
10 1.8 Cambodia
12%
1 (t) 0 (claim) Jordan
12%
13 3.9 Kenya
12%
15 4.3 Algeria
7%
No matching quizzes found
Score Distribution
Percent of People with Each Score
Percentile by Number Answered
Your Score History
You have not taken this quiz